The great explorers : (Record no. 85)

MARC details
000 -LEADER
fixed length control field 01027pam a2200265 i 4500
005 - DATE AND TIME OF LATEST TRANSACTION
control field 20260322212005.0
008 - FIXED-LENGTH DATA ELEMENTS--GENERAL INFORMATION
fixed length control field data
010 ## - LIBRARY OF CONGRESS CONTROL NUMBER
LC control number 77021831
020 ## - INTERNATIONAL STANDARD BOOK NUMBER
International Standard Book Number 0195042220 (pbk.)
Terms of availability {dollar}15.00
020 ## - INTERNATIONAL STANDARD BOOK NUMBER
International Standard Book Number 9780195042221 (pbk.)
Terms of availability {dollar}15.00
040 ## - CATALOGING SOURCE
Original cataloging agency DLC
Transcribing agency DLC
Modifying agency DLC
043 ## - GEOGRAPHIC AREA CODE
Geographic area code s------
-- s------
050 00 - LIBRARY OF CONGRESS CALL NUMBER
Classification number E101
Item number .M852 1978
082 00 - DEWEY DECIMAL CLASSIFICATION NUMBER
Classification number 970.01
092 ## - LOCALLY ASSIGNED DEWEY CALL NUMBER (OCLC)
Classification number 970.1 M85 1978
001 - CONTROL NUMBER
control field data
100 1# - MAIN ENTRY--PERSONAL NAME
Personal name Morison, Samuel Eliot,
Dates associated with a name 1887-1976.
245 14 - TITLE STATEMENT
Title The great explorers :
Remainder of title the European discovery of America /
Statement of responsibility, etc. Samuel Eliot Morison.
260 ## - PUBLICATION, DISTRIBUTION, ETC.
Place of publication, distribution, etc. New York :
Name of publisher, distributor, etc. Oxford University Press,
Date of publication, distribution, etc. 1978.
300 ## - PHYSICAL DESCRIPTION
Extent xxv, 752 p. :
Other physical details ill. ;
Dimensions 24 cm.
500 ## - GENERAL NOTE
General note "A new edition of material selected from two earlier volumes, The European discovery of America : the Northern voyages, A.D. 500-1600 ... and The European discovery of America : the Southern voyages, 1492-1616."
504 ## - BIBLIOGRAPHY, ETC. NOTE
Bibliography, etc. note Includes bibliographical references and index.
650 #0 - SUBJECT ADDED ENTRY--TOPICAL TERM
Topical term or geographic name entry element Voyages and travels.
651 #0 - SUBJECT ADDED ENTRY--GEOGRAPHIC NAME
Geographic name America
General subdivision Discovery and exploration.
Holdings
Withdrawn status Lost status Damaged status Not for loan Home library Current library Shelving location Date acquired Total checkouts Full call number Barcode Date last seen Price effective from Koha item type
        Franklin Franklin General stacks 22/03/2026   970.01 BC0010088 22/03/2026 22/03/2026 Books